|
|
|
|
| LEADER |
00834naa a2200205 i 4500 |
| 001 |
publ26186 |
| 005 |
20230117102023.0 |
| 008 |
230117s2022 hu o 0|| Magyar d |
| 020 |
|
|
|a 9789635940295
|
| 024 |
7 |
|
|a 32770824
|2 mtmt
|
| 040 |
|
|
|a SZTE Publicatio Repozitórium
|b hun
|
| 041 |
|
|
|a Magyar
|
| 100 |
2 |
|
|a Kertészné Váradi Szilvia
|
| 245 |
1 |
3 |
|a Az Európai Unió fogyasztóvédelmi szabályai és azok versenyjogi aspektusai
|h [elektronikus dokumentum] /
|c Kertészné Váradi Szilvia
|
| 260 |
|
|
|a Wolters Kluwer
|b Budapest
|c 2022
|
| 300 |
|
|
|a 124-152
|
| 490 |
0 |
|
|a Az Európai Unió versenyjogának alapjai
|
| 650 |
|
4 |
|a Jogtudomány
|
| 856 |
4 |
0 |
|u http://publicatio.bibl.u-szeged.hu/26186/7/32770824_c%C3%ADmlap_tartalom.pdf
|z Dokumentum-elérés
|
| 856 |
4 |
0 |
|u http://publicatio.bibl.u-szeged.hu/26186/8/32770824.pdf
|z Dokumentum-elérés
|